000 01194cam a2200253 i 4500
003 SA-RiAUC
005 20250205072234.0
008 250126s1985 ua g f00010 ara c
040 _aSA-JeALM
_bara
_cSA-RiAUC
_erda
082 0 4 _a227.3
090 _a227.3
_bو ا ح
100 1 _aالواحدي، علي بن أحمد بن محمد،
_dتوفي 468 هجري
_eمؤلف.
245 1 2 _aالوسيط في تفسير القرآن المجيد /
_cلأبي الحسن علي بن أحمد الواحدي ؛ تحقيق محمد حسن أبو العزم الزفيتي.
264 1 _aالقاهرة :
_bوزارة الأوقاف، المجلس الأعلى للشؤون الإسلامية،
_c1986
300 _a411 صفحة ؛
_c28 سم
336 _aنص
_btxt
_2rdacontent
_3كتاب
337 _aبدون وسيط
_bn
_2rdamedia
338 _aمجلد
_bnc
_2rdacarrier
500 _aاهداء من الدكتور فؤاد عبدالمنعم احمد بتاريخ 22 / 3 / 1414 هـ
630 2 7 _aالقرآن
_xتفاسير مأثورة
_2aucut
700 1 _aالزفيتي، محمد حسن أبو العزم
_eمحقق.
942 _2ddc
_cBOOK
_n0
949 _aSA-JeALM
_d250126
_uosman123
_n1
999 _c5597
_d5597